00329nam a2200121Ia 4500008004100000041000800041082001400049100002000063245004500083250001400128260003300142300003200175240624s9999 xx 000 0 und d aeng a332.1 STO aSTOWELL DAVID P aINVESTMENT BANKS HEDGE FUNDS AND PRIVATE a(2nd ed.) c2014aLondonbAcademic Press axxiv, : 645 : p. : cm. ; 24